| 000 | 00397nam a2200157Ia 4500 | ||
|---|---|---|---|
| 003 | 0STCL | ||
| 008 | 150530s9999 xx 000 0 und d | ||
| 040 |
_aSTCL _cSTCL |
||
| 100 | _aChristian Communities in Kerala | ||
| 245 | _aSouvenir ninteenth Centenary of the Martyrdom of St. Thomas | ||
| 260 | _c1972 | ||
| 546 | _aEnglish | ||
| 942 |
_2ddc _cBK |
||
| 999 |
_c15114 _d15114 |
||
| 005 | 20220125165724.0 | ||